Didáctica y comunicación no verbal (Registro nro. 7937)

Detalles MARC
000 -Cabecera
Campo de control de longitud fija 01048nam a22003737a 4500
005 - Fecha y hora de la última transacción
Campo de control 20250829154353.0
008 - Elementos de longitud fija--Información general
Campo de control de longitud fija 160413b2014 xxu||||| |||| 00| 0 spa d
020 ## - International Standard Book Number
Número Internacional Estándar del Libro (ISBN) 9788415544302
041 ## - Idioma
Código de idioma Español
082 ## - Clasificación Decimal Dewey
Número de clasificación 658.45 A485d
100 ## - Entrada principal--Autor personal
Nombre personal Amar Rodríguez, Víctor Manuel
9 (RLIN) 543
245 ## - Título propiamente dicho
Título Didáctica y comunicación no verbal
260 ## - Pie de imprenta
Lugar de publicación, distribución, etc. España
260 ## - Pie de imprenta
Nombre del editor, distribuidor, etc. Comunicación Social ediciones y publicaciones
260 ## - Pie de imprenta
Fecha de publicación, distribución, etc. 2014
300 ## - Descripción física
Extensión 137 páginas
490 ## - Serie
Título de la Serie Dirección y Administración de Empresas
650 ## - Materia general
Temática (materia general) COMUNICACIÓN CÓMO TÉCNICA
650 ## - Materia general
Temática (materia general) COMUNICACIÓN NO VERBAL
650 ## - Materia general
Temática (materia general) COMUNICACIÓN SOCIAL
650 ## - Materia general
Temática (materia general) PARALINGÜÍSTICA
650 ## - Materia general
Temática (materia general) ACUSMÁTICA
650 ## - Materia general
Temática (materia general) ESCUCHA ACTIVA
650 ## - Materia general
Temática (materia general) DIÁLOGO
650 ## - Materia general
Temática (materia general) PROXÉMICA
650 ## - Materia general
Temática (materia general) COMUNICACIÓN INVISIBLE
650 ## - Materia general
Temática (materia general) CONDUCTA TÁCTIL
650 ## - Materia general
Temática (materia general) CONTACTO VISUAL
650 ## - Materia general
Temática (materia general) ESPACIO VISUAL
650 ## - Materia general
Temática (materia general) APARIENCIA FÍSICA
650 ## - Materia general
Temática (materia general) LENGUAJE DEL CUERPO
650 ## - Materia general
Temática (materia general) EXPRESIÓN FACIAL
942 ## - Punto de acceso adicional KOHA
Tipo de ítem KOHA Libro
Fuente del sistema de clasificación o colocación Dewey Decimal Classification
Existencias
Signatura completa Código de barras Programa Académico Tipo de ítem
658.45 A485d 21033 Dirección y Administración de Empresas Libro